000 00485nam a2200181Ia 4500
001 9250
005 20260306160710.0
008 260306t2024||||xx |||||||||||||| ||spa||
041 _aESP
082 _a378.00985
_bG317
100 _aGarfias Dávila, Marcos,
_eAUT
245 0 _aLos nudos de la universidad :
_bel Estado y los actores universitarios (1821-2021)
260 _c2024
300 _a223 páginas :
_c21 cm.
650 _aGEN
654 _aCHU
942 _cLIB
_dJUS
_fJUS
_2ddc
_n
999 _c9250
_d9250